Normal view
MARC view
Entry Personal Name
001 - CONTROL NUMBER
- control field: 58721
003 - CONTROL NUMBER IDENTIFIER
- control field: dpl
005 - DATE AND TIME OF LATEST TRANSACTION
- control field: 20231115150638.0
008 - FIXED-LENGTH DATA ELEMENTS
- fixed length control field: 231115|| aca||aabn | a|a d
040 ## - CATALOGING SOURCE
- Original cataloging agency: dpl
- Transcribing agency: dpl
100 ## - HEADING--PERSONAL NAME
- Personal name: गुप्ता,अंकेश
670 ## - SOURCE DATA FOUND
- Source citation: Work cat.: (dpl)199098: गुप्ता,अंकेश , अपशिष्ट (कचरा )प्रबन्धन , 2021
